Ciudades de Alemania - ¡Muerte súbita! - Estadísticas

Estadísticas generales
  • Esta prueba ha sido intentada 152 veces
  • La puntuación promedio es 4 de 16
Answers on the Grid
Answers color-coded by a green-red scale on the quiz's grid according to % correct below.
Bamberg
Berlín
Bristol
Brno
Büdingen
Cottbus
Dunkerque
Erlangen
Frederiksberg
Heidelberg
Ibbenbüren
Innsbruck
Jena
Johannesburgo
Linz
Lucerna
Marburgo
Monterrey
Naumburgo
Offenbach del Meno
Regensdorf
Remscheid
Reutlingen
Salzburgo
Estrasburgo
Suhl
Tréveris
Veere
Vilna
Wittenberg
 
Estadísticas de respuestas
Respuesta % Correcto
Berlín
100%
Heidelberg
49%
Offenbach del Meno
34%
Bamberg
29%
Cottbus
27%
Büdingen
24%
Erlangen
24%
Marburgo
24%
Wittenberg
23%
Jena
18%
Naumburgo
18%
Remscheid
18%
Reutlingen
18%
Tréveris
14%
Ibbenbüren
13%
Suhl
8%
No se encontraron pruebas coincidentes
Distribución de puntuación
Porcentaje de gente con cada puntuación
Porcentaje por número respondido
Historial de tus puntuaciones
No has intentado esta prueba.